000 00690nam a2200217Ia 4500
008 131103s9999 xx 000 0 und d
020 _a340206187
_c2.40 pds
040 _aLoreto College
041 _aEnglish
082 _a375.7933/375.792/OTO
_bLCLIB/24914
100 _aO'Toole.John
245 _aTheatre in education
_b new objectives for theatre new techniques in education
_cJohn O'Toole
260 _aLondon
_bHadder and Stoughton
_c1976
300 _aix,165 p.
_c 16 x 18 cm.
440 _aUnibooks Hodder and Toughton
504 _aIncludes bibliographical references and index
650 _aCurriculum
651 _aTheatre - Curricula
850 _aLCLIB
942 _cBK
999 _c10714
_d61193